| 000 | 00660nam a2200205 i 4500 | ||
|---|---|---|---|
| 001 | 186512 | ||
| 003 | SpMaBN | ||
| 005 | 20230906222702.0 | ||
| 008 | 161121s2004 sp f |||| | spa d | ||
| 080 | _a74 Pérez Agirregoikoa, Juan | ||
| 100 | 1 |
_aPérez Agirregoikoa, Juan. _9161336 |
|
| 245 | 1 | 1 |
_a¿Puede un heavy ser calvo? _b: lo pregunto moralmente / _cJuan Pérez Agirregoikoa. |
| 260 |
_a[Alcobendas (Madrid) : _bTF, _c2004] |
||
| 300 |
_a[136] p. de lám. col. ; _c23 cm. |
||
| 490 | 1 |
_aArte sobre papel ; _v7 |
|
| 594 | _aTít. tomado de cub. | ||
| 830 | 0 |
_aArte sobre papel ; _v7 _9192569 |
|
| 852 | 1 |
_aBA _jL-30856 |
|
| 999 |
_c186512 _d186512 |
||